000 00399cam a22001217a 4500
008 180718b1966 xxu||||| |||| 00| 0 eng d
082 _aB73x5453 K45
245 _aCorporation of Trivandrum silver jubilee celebrations
_cby Souvenir
260 _aTrivandrum
_bSilver Jubilee celebration committee
_c1966
300 _av.p.
650 _aMunicipal Government - India - Kerala
700 _aIndia. Souvenir
999 _c416053
_d416053